| 000 | 00701nam a2200181Ia 4500 | ||
|---|---|---|---|
| 008 | 090124s9999 xx 000 0 und d | ||
| 082 | _b129745 | ||
| 100 | _aनाडकर्णी सुरेश. | ||
| 245 | _a द्रोणाचार्य ( कृत्रिम गर्भधारणा ) | ||
| 250 | _a1 | ||
| 260 | _c2000 | ||
| 300 | _a78 | ||
| 600 | _aनाडकर्णी सुरेश. | ||
| 630 | _a द्रोणाचार्य ( कृत्रिम गर्भधारणा ) | ||
| 700 | _aनाडकर्णी सुरेश. | ||
| 730 | _a द्रोणाचार्य ( कृत्रिम गर्भधारणा ) | ||
| 942 | _cBOOK | ||
| 999 |
_c175834 _d175834 |
||